World Sheep Population Quiz Stats

 Plays Quiz Updated Nov 15, 2018

Challenge
Share
Tweet
Embed
Score 0/30 Timer 04:00
1 Play Today
# of Sheep Country: % Correct
133,997,000China
93.6%
35,846,000United Kingdom
90.4%
99,252,377Australia
87.9%
13,728,497Russia
87.7%
61,469,000India
86.1%
39,552,113New Zealand
83.9%
9,255,546France
83.3%
14,556,484Brazil
82.4%
12,450,000Argentina
77.2%
23,485,948Spain
76.3%
51,959,000Iran
68.4%
24,566,000Pakistan
66.4%
25,820,000South Africa
65.8%
25,174,000Turkey
62.7%
14,752,243Peru
57%
# of Sheep Country: % Correct
9,074,000Afghanistan
52.5%
9,058,000Greece
51.4%
11,797,000Mongolia
50.1%
8,580,845Niger
41.6%
9,787,500Kazakhstan
41.1%
16,743,000Morocco
40.8%
30,086,400Nigeria
39.8%
48,440,000Sudan
37.7%
17,502,790Algeria
37.5%
16,000,000Ethiopia
31.6%
9,975,000Uruguay
28.7%
12,570,000Turkmenistan
27.8%
15,292,700Syria
25.6%
14,350,000Somalia
21.9%
8,800,000Mauritania
12.1%

You're not logged in!

Compare scores with friends on all Sporcle quizzes.
OR
Log In

You Might Also Like...

Show Comments

Extras

Top Quizzes Today


Score Distribution

Your Account Isn't Verified!

In order to create a playlist on Sporcle, you need to verify the email address you used during registration. Go to your Sporcle Settings to finish the process.

Report this User

Report this user for behavior that violates our Community Guidelines.

Details: